RICS London 2012 Olympics website launched (Record no. 73745)
[ view plain ]
| 000 -LEADER | |
|---|---|
| fixed length control field | 01030cam a2200193 4500 |
| 001 - CONTROL NUMBER | |
| control field | WB3942-19 |
| 008 - FIXED-LENGTH DATA ELEMENTS--GENERAL INFORMATION | |
| fixed length control field | 031105n2003 000 0 eng u |
| 035 ## - SYSTEM CONTROL NUMBER | |
| System control number | (Sirsi) u124237 |
| 245 ## - TITLE STATEMENT | |
| Title | RICS London 2012 Olympics website launched |
| 260 ## - PUBLICATION, DISTRIBUTION, ETC. | |
| Date of publication, distribution, etc. | 2003 |
| 490 ## - SERIES STATEMENT | |
| Series statement | RICS Press Release |
| Volume/sequential designation | (pr103) 4 November 2003 (1) |
| 520 ## - SUMMARY, ETC. | |
| Summary, etc. | RICS has launched a new resource for all those interested in the Olympic Games and the development opportunities. The "RICS Olympics 2012 website" will provide up to the minute news, case studies and reports by leading property and regeneration firms along with recruitment and education opportunities from the nine cities bidding for the 2012 Olympic Games. News content and features are written by independent correspondents, analysing the strengths and weaknesses of each bid. The "RICS Olympics 2012 website" is at http://www.rics.org/olympics2012. |
| 590 ## - LOCAL NOTE (RLIN) | |
| Local note | WB |
| 650 ## - SUBJECT ADDED ENTRY--TOPICAL TERM | |
| Topical term or geographic name entry element | OLYMPIC GAMES |
| 650 ## - SUBJECT ADDED ENTRY--TOPICAL TERM | |
| Topical term or geographic name entry element | LONDON 2012 OLYMPIC BID |
| 650 ## - SUBJECT ADDED ENTRY--TOPICAL TERM | |
| Topical term or geographic name entry element | RICS |
| 690 ## - LOCAL SUBJECT ADDED ENTRY--TOPICAL TERM (OCLC, RLIN) | |
| Topical term or geographic name as entry element | RICS NEWS |
| 942 ## - ADDED ENTRY ELEMENTS (KOHA) | |
| Suppress in OPAC | 0 |
| Withdrawn status | Lost status | Source of classification or shelving scheme | Damaged status | Not for loan | Home library | Current library | Shelving location | Date acquired | Total Checkouts | Full call number | Barcode | Date last seen | Copy number | Price effective from | Koha item type |
|---|---|---|---|---|---|---|---|---|---|---|---|---|---|---|---|
| Dewey Decimal Classification | London | London | News article | 05/11/2003 | WB3942-19 | 124237-1001 | 06/08/2019 | 1 | 06/08/2019 | News article |